|
|
|
|
| LEADER |
01793cas a2200241 a 4500 |
| 001 |
AALejournalIMF013143 |
| 008 |
230101c9999 xx r poo 0 0eng d |
| 020 |
|
|
|c 5.00 USD
|
| 020 |
|
|
|z 9781475582062
|
| 022 |
|
|
|a 1934-7685
|
| 040 |
|
|
|a BD-DhAAL
|c BD-DhAAL
|
| 110 |
2 |
|
|a International Monetary Fund.
|
| 245 |
1 |
0 |
|a Republic of Moldova :
|b Staff Report for the 2012 Article IV Consultation, Fifth Reviews Under the Extended Arrangement and Under the Three-Year Arrangement Under the Extended Credit Facility, and Requests for Waivers for Non-Observance and Modification of Performance Criteria.
|
| 264 |
|
1 |
|a Washington, D.C. :
|b International Monetary Fund,
|c 2012.
|
| 300 |
|
|
|a 1 online resource (75 pages)
|
| 490 |
1 |
|
|a IMF Staff Country Reports
|
| 500 |
|
|
|a <strong>Off-Campus Access:</strong> No User ID or Password Required
|
| 500 |
|
|
|a <strong>On-Campus Access:</strong> No User ID or Password Required
|
| 506 |
|
|
|a Electronic access restricted to authorized BRAC University faculty, staff and students
|
| 520 |
3 |
|
|a After the 2009 crisis, policies have improved markedly, backed by substantial foreign assistance. Notably, fiscal adjustment has reduced the large budget imbalance, monetary policy has tamed inflation, and structural reforms have spurred strong export expansion. These reforms led to impressive growth in 2010-11, but activity decelerated in 2012, reflecting the slowdown in the EU. The economy is highly exposed to further intensification of the euro area crisis via its dependence on remittances, exports, and capital inflows.
|
| 538 |
|
|
|a Mode of access: Internet
|
| 830 |
|
0 |
|a IMF Staff Country Reports; Country Report ;
|v No. 2012/288
|
| 856 |
4 |
0 |
|z Full text available on IMF
|u http://elibrary.imf.org/view/journals/002/2012/288/002.2012.issue-288-en.xml
|z IMF e-Library
|